000 00967nam a2200277 i 4500
003 EG-GICUC
005 20260121142055.0
008 260121s1919 fr ||||fr ||| 00| 0 fre d
040 _aEG-GICUC
_cEG-GICUC
_dEG-GICUC
_erda
_bfre
041 0 _afre
082 0 4 _221
_a341.1
_bRO . I
092 0 4 _221
099 _aLaw1 11 341.1 RO . I 1919
100 1 _aRolin,Albéric
_eAuteur
245 1 2 _aTableau Général De L’Organisation Des Travaux Et Du Personnel De L’Institut De Droit International :
_bPendant La Période Décennale 1904 À 1914 /
_cAlbéric Rolin .
264 0 _aParis :
_bMartinus Nijhoff – A. Pedone ,
_c1919 .
300 _a375 Pages;
_c30 cm.
336 _atext
_2rda content
337 _aComputer
_2rda media
338 _aOnline Resource
_2rda carrier
546 _aTexte en français
650 0 4 _aDroit international public
856 _uhttps://fll.law.cu.edu.eg/fulltext/th/B11-05619.pdf
905 _a59
942 _2ddc
_cBK
_e21
_n0
999 _c58456
_d58456